000 00289nam a22001337a 4500
003 SGT
020 _a9789385185717
082 _a200
_bN21S
100 _aSINGH, UDAI PRATAP
245 _aNATHPANTH AND GORAKHBANI
260 _bHINDUSTANI ACADEMY
_c2021
300 _a376
942 _2ddc
_cBK
999 _c31769
_d31769